El movimiento de los trabajadores y la seguridad social: elementos para una estrategia /

Sábháilte in:
Sonraí bibleagrafaíochta
Príomhchruthaitheoir: Tesch, Walter
Formáid: Téacs
Ábhair:
Clibeanna: Cuir clib leis
Níl clibeanna ann, Bí ar an gcéad duine le clib a chur leis an taifead seo!

MARC

LEADER 00000 a a2200000 04500
001 47450
003
040
090 |a REV0857 5 (12) 1979  
100 |a Tesch, Walter  
245 |a El movimiento de los trabajadores y la seguridad social:   |b elementos para una estrategia /  |c Walter Tesch  
650 |a SEGURIDAD SOCIAL  
650 |a TRABAJADORES  
650 |a MOVIMIENTOS OBREROS  
650 |a SEGURO SOCIAL  
650 |a ASPECTO ECONOMICO  
650 |a ASPECTO POLITICO  
773 |g volumen5, número12, enero-abril (1979)  
999 |c 27031  |d 27031